000 00690nam a2200205 a 4500
003 DO-SdBNP
005 20240501180337.0
007 ta
008 220831b200? dr aodbgr||||o00| 0 spa d
040 _aDO-SdBNP
_bspa
_cBNPHU
082 4 _222
_bR426s
110 1 _914849
_aRepública Dominicana.
_bGobernación Provincial Santo Domingo.
245 1 0 _aSanto Domingo:
_bpor donde la ciudad crece. un año de realizaciones
260 _aSanto Domingo :
_b[s.n.],
_c[200?]
300 _a52 p. :
_bil., fotogr. diagr. mapas ;
_c28 cm.
590 _aInventariado 2022 / MF
651 0 _a Santo Domingo (República Dominicana)
_xCiudad (descripción)
_985361
910 _aMFeliz
942 _2ddc
_cLBS1
999 _c52350
_d52350